banner koha

Cores naturais (Registro n. 325401)

MARC details
000 -LÍDER
campo de controle de tamanho fixo 00947naa a22002657a 4500
001 - NÚMERO DE CONTROLE
campo de controle BR9602453
003 - IDENTIFICADOR DO NÚMERO DE CONTROLE
campo de controle BR-BrBNA
005 - DATA E HORÁRIO DA ÚLTIMA TRANSAÇÃO
campo de controle 20240918181455.0
007 - CAMPO FIXO DE DESCRIÇÃO FÍSICA--INFORMAÇÃO GERAL
campo de controle de tamanho fixo ta
008 - CAMPO DE DADOS FIXOS--INFORMAÇÃO GERAL
campo de controle de tamanho fixo 230509b bl.||||| |||| 00| 0 por d
040 ## - FONTE DA CATALOGAÇÃO
Instituição da catalogação original BR-BrBNA
Idioma da catalogação por
Instituição que transcreveu o registro Biblioteca Nacional de Agricultura
041 ## - CÓDIGO DE IDIOMA
Código do idioma do texto/trilha sonora ou título diferente (Pt)
072 ## - CÓDIGO DE CATEGORIA DE ASSUNTO
Código de Categoria de Assunto Q60
090 ## - NÚMERO DE CHAMADA LOCAL
Número de chamada Q60 BR9602453
100 1# - ENTRADA PRINCIPAL--NOME PESSOAL
Nome pessoal Weintz, H.J.
245 1# - TÍTULO
Título Cores naturais
260 3# - PUBLICAÇÃO, DISTRIBUIÇÃO, ETC.
Local de publicação, distribuição, etc. Belem, PA (Brasil):
Data da publicação, distribuição, etc. 1993.
500 ## - NOTA GERAL
Nota geral Mitschein, T.; Pinho, J.; Flores, C.<br/>Plantas amazonicas e seu aproveitamento tecnologico<br/>Belem, PA (Brasil): 1993. p. 83-100<br/>(BR9602453-AM)Q60<br/>
650 ## - ASSUNTO--TERMO TÓPICO
Cabeçalho tópico ou nome geográfico Corante
650 ## - ASSUNTO--TERMO TÓPICO
Cabeçalho tópico ou nome geográfico Cor
650 ## - ASSUNTO--TERMO TÓPICO
Cabeçalho tópico ou nome geográfico Industria Textil
773 0# - ENTRADA ANALÍTICA
Título Plantas amazonicas e seu aproveitamento tecnologico
Entrada principal Mitschein, T.; Pinho, J.; Flores, C.. Universidade Federal do Para, Belem (Brasil)
Número de controle do registro Q60 BR9602453
Partes relacionadas Belem, PA (Brasil), 1993. p. 83-100
909 ## -
-- 202404
-- Lucia
-- 55
-- Lucia Elande
942 ## - ELEMENTOS DE ENTRADA ADICIONADOS (KOHA)
Tipo de material Koha Capítulo-Livro
Fonte da classificação ou esquema de arquivamento na estante Classificação AGRIS
Exemplares
Situação do descarte Fonte da classificação ou esquema de arquivamento na estante Situação física Não pode ser emprestado Coleção Biblioteca de origem Biblioteca atual Localização na estante Total de empréstimos Número de telefone completo Data de último acesso Número do exemplar Tipo de material Koha Situação das perdas Data de aquisição Fonte de aquisição
  Classificação AGRIS       Biblioteca Nacional de Agricultura - Binagri Biblioteca Nacional de Agricultura - Binagri Agrobase - Acervo Geral   Q02 BR9602445 20/05/2024 01 Capítulo-Livro   2024-04-11 Portaria Interministerial nº 164/94

BINAGRI

Telefone: (61)3218-2567/2388/3357/2097 - binagri@agro.gov.br

Ministério da Agricultura e Pecuária , Esplanada dos Ministérios, Bloco D, Anexo B, Brasília/DF, CEP: 70.043-900